Mathematics of quantum computation and quantum technology / (Record no. 29678)
[ view plain ]
| 000 -LEADER | |
|---|---|
| fixed length control field | 00800 a2200205 4500 |
| 020 ## - INTERNATIONAL STANDARD BOOK NUMBER | |
| International Standard Book Number | 1584888997 |
| 020 ## - INTERNATIONAL STANDARD BOOK NUMBER | |
| International Standard Book Number | 9781584888994 |
| 082 ## - DEWEY DECIMAL CLASSIFICATION NUMBER | |
| Classification number | 004.1 |
| 090 ## - LOCALLY ASSIGNED LC-TYPE CALL NUMBER (OCLC); LOCAL CALL NUMBER (RLIN) | |
| -- | 1061 |
| -- | 1061 |
| 100 ## - MAIN ENTRY--PERSONAL NAME | |
| Personal name | Kauffman, Louis. |
| 245 10 - TITLE STATEMENT | |
| Title | Mathematics of quantum computation and quantum technology / |
| Statement of responsibility, etc. | Louis Kauffman, Samuel J. Lomonaco. |
| 260 ## - PUBLICATION, DISTRIBUTION, ETC. | |
| Place of publication, distribution, etc. | [S.l.] : |
| Name of publisher, distributor, etc. | Chapman and Hall/CRC, |
| Date of publication, distribution, etc. | 2007. |
| 300 ## - PHYSICAL DESCRIPTION | |
| Extent | 624 p. ; |
| Dimensions | 24 cm. |
| 490 1# - SERIES STATEMENT | |
| Series statement | Chapman & hall/crc applied mathematics & nonlinear science. |
| 700 1# - ADDED ENTRY--PERSONAL NAME | |
| Personal name | Kauffman, Louis. |
| 700 1# - ADDED ENTRY--PERSONAL NAME | |
| Personal name | Lomonaco, Samuel J. |
| 830 #0 - SERIES ADDED ENTRY--UNIFORM TITLE | |
| Uniform title | Chapman & hall/crc applied mathematics & nonlinear science. |
| 942 ## - ADDED ENTRY ELEMENTS (KOHA) | |
| Institution code [OBSOLETE] | SNS |
| Koha item type | Book |
| Call number prefix | 004.1 CHE |
| Withdrawn status | Lost status | Damaged status | Not for loan | Permanent Location | Current Location | Date acquired | Total Checkouts | Full call number | Barcode | Date last seen | Date last checked out | Price effective from | Koha item type |
|---|---|---|---|---|---|---|---|---|---|---|---|---|---|
| School of Natural Sciences (SNS) | School of Natural Sciences (SNS) | 05/26/2016 | 1 | 004.1 CHE | SNS0001247 | 03/28/2017 | 03/28/2017 | 05/26/2016 | Book |
